Zoomed in Solar System - Statistics

General Stats
  • This quiz has been taken 20 times
  • The average score is 12 of 16
Answer Stats
Picture Answer % Correct
Sun
100%
Earth
94%
Jupiter
94%
Moon
94%
Saturn
94%
Mars
89%
Pluto
89%
Venus
89%
Neptune
83%
Uranus
83%
Io
72%
Europa
67%
Mercury
67%
Callisto
56%
Encealadus
39%
Mimas
33%
No matching quizzes found
Score Distribution
Percent of People with Each Score
Percentile by Number Answered
Your Score History
You have not taken this quiz